| 000 | 00523nam a22001817a 4500 | ||
|---|---|---|---|
| 003 | LK-CoDNM | ||
| 005 | 20250218102051.0 | ||
| 008 | 250217b |||||||| |||| 00| 0 eng d | ||
| 040 |
_aLK-CoDNM _dLK-CoDNM _eLK-CoDNM |
||
| 041 | _asin | ||
| 080 |
_aRC _b308 |
||
| 100 | _aටිකිරිබණ්ඩාර, පාණබොක්කේ | ||
| 245 | _aනීති නිඝණ්ඩුව | ||
| 260 |
_aColombo _bGovernment Printer _c1879 |
||
| 300 | _axx, 127p. ; 20 cm | ||
| 650 | _aNiti - nighanduva | ||
| 942 | _cBK | ||
| 999 |
_c238100 _d238100 |
||